• 首页
  • 本馆介绍
  • 公告通知
  • 最新文献
  • 馆藏检索
  • 电子资源
  • 读者导购
  • 参考咨询
  • 我的图书馆
  • 登录
  • 详细信息显示
  • 放入我的书架
  • 预约/预借图书
  • 作者相关作品
  • 分类相关作品
  • 丛书相关作品
  • 出版社相关作品

书目信息

  • 表格格式
  • 工作单格式
  • 卡片格式
题名:
啤酒厂麦芽汁制备工艺技术
    
 
作者: 纳尔蔡斯 , Narziss 著 ;孙明波 译
分册:  
出版信息: 北京   轻工业出版社  1991.9
页数: 632页
开本: 20cm
丛书名:
单 册:
中图分类: TS261.4
科图分类:
主题词: 酿造--食品工业
电子资源:
ISBN: 7-5019-1089-8
000 01363nam0 2200325 45
001 0192007015
005 20040910090114.7
010    @a7-5019-1089-8@dCNY18.50
020    @aCN@b92007015
092    @a科技248-119
100    @a19920729d1991 em y0chiy0121 ea
101 1  @achi@cger
102    @aCN@b110000
105    @ay z 000yy
106    @ar
200 10 @a啤酒厂麦芽汁制备工艺技术@Api jiu chang mai ya zhi zhi bei gong yi ji shu@f(德)路德维希·纳尔蔡斯著@F(De)Lu De Wei Xi·Na Er Cai Si Zhu@g孙明波译
210    @a北京@c轻工业出版社@d1991.9
215    @a632页@d20cm
300    @a书名原文:Die technologie der wurzebertung
314    @a路德维希·纳尔蔡斯,德国慕尼黑技术大学教授,著名啤酒酿造家
330    @a本书包括了各种原料及其处理方法、糖化过程的理论和实践、麦汁过滤、煮沸和酒花的添加直至麦汁的各种处理方法。除了重点介绍工艺外,还对各种方法的经济性进行了分析,并且也对当今的许多新工艺、新研究成果进行了详细的讲述。
510 1  @aDie technologie der wurzebertung@ADie technologie der wurzebertung@zger
540 1  @a啤酒厂 麦芽汁 制备 工艺@Api jiu chang mai ya zhi zhi bei gong yi
606 0  @a酿造@x食品工业
690    @aTS261.4@v3
701  1 @a纳尔蔡斯@Ana er cai si@bLudwig@4著
701 A1 @aNarziss@ANarziss@bLudwig@4著
702  0 @a孙明波@Asun ming bo@4译
801  0 @aCN@bNLC@c19920729
905    @dTS261.4@e16@f1@b248150
    
    啤酒厂麦芽汁制备工艺技术/(德)路德维希·纳尔蔡斯著/孙明波译.-北京:轻工业出版社,1991.9
    632页;20cm
    书名原文:Die technologie der wurzebertung
    
    ISBN 7-5019-1089-8:CNY18.50
    本书包括了各种原料及其处理方法、糖化过程的理论和实践、麦汁过滤、煮沸和酒花的添加直至麦汁的各种处理方法。除了重点介绍工艺外,还对各种方法的经济性进行了分析,并且也对当今的许多新工艺、新研究成果进行了详细的讲述。
●
相关链接 在E读中查询图书 在五车中查询图书 在当当中查询图书 在豆瓣中查询图书


正题名:啤酒厂麦芽汁制备工艺技术     索取号:TS261.4/16         预约/预借

序号 登录号 条形码 馆藏地/架位号 状态 备注
1 0248150   001951999   第三借阅区/ [索取号:TS261.4/16] 在馆    
2 0248151   001480267   第三借阅区/ [索取号:TS261.4/16] 在馆    
3 0248152   001480258   第二样本阅览室/ [索取号:TS261.4/16] 在馆    
唐山师范学院图书馆 欢迎您!
大连网信软件有限公司© 版权所有